|
|
|
|
| LEADER |
00806nta a2200169 i 4500 |
| 001 |
dipl52653 |
| 005 |
20150916142217.0 |
| 008 |
150916s2013 hu om 0|| zxx d |
| 040 |
|
|
|a SZTE Diploma Repozitórium
|b hun
|
| 041 |
|
|
|a zxx
|
| 100 |
1 |
|
|a Lázár Mária
|
| 245 |
1 |
0 |
|a Hódmezővásárhelyi szegregátum-vizsgálat
|h [elektronikus dokumentum] /
|c Mária Lázár
|
| 246 |
1 |
0 |
|a Literature overview of the ideology of urban development of the 20th century, an examination of the segregates of Hódmezővásárhely and its practice of urban regeneration of a social purpose
|h [elektronikus dokumentum]
|
| 260 |
|
|
|c 2013
|
| 650 |
|
4 |
|a Természettudományok
|
| 700 |
1 |
|
|a Kovács Csaba
|e ths
|
| 856 |
4 |
0 |
|u http://diploma.bibl.u-szeged.hu/id/eprint/52653/1/2014_L%C3%A1z%C3%A1r_M%C3%A1ria_LAMQADT_SZE_SZ.pdf
|z Dokumentum-elérés
|